[Event "Let's Play Chess!"]
[Site "http://www.queenalice.com/game.php?id=1143538"]
[Date "2013.1.23"]
[Round "-"]
[White "Lapluma"]
[Black "HelderNanques"]
[Result "1-0"]
[WhiteElo "2140"]
[BlackElo "2147"]

1. c4 e5 2. Nc3 Nf6 3. g3 Bb4 4. Bg2 O-O 5. e4 Nc6 6. Nge2 d6 7. O-O h6 8. a3
Bxc3 9. dxc3 Be6 10. b3 Ne7 11. Qc2 Nh7 12. Rd1 Qc8 13. Be3 Bh3 14. c5 Bxg2 15.
Kxg2 dxc5 16. Bxc5 Qe6 17. c4 Rfd8 18. Nc3 c6 19. Rxd8+ Rxd8 20. Bxa7 h5 21. Rd1
Ra8 22. Bc5 Ng6 23. Qe2 h4 24. Rd6 Qe8 25. Na4 Nf6 26. Nb6 Rd8 27. Qd3 Rxd6 28.
Bxd6 hxg3 29. hxg3 Qe6 30. f3 Nh5 31. Qd2 Qf6 32. Nd7 Qe6 33. Nc5 Qc8 34. Qa5
Kh7 35. Qb6 Ngf4+ 36. gxf4 Nxf4+ 37. Kf2 Qh3 38. Bxe5 Qg2+ 39. Ke3 Nh3 40. f4
Qg1+ 41. Kd2 Qf2+ 42. Kc3 Qe1+ 43. Kb2 Qd2+ 44. Ka1 Nf2 45. Qxb7 Nd1 46. Kb1 Ne3
47. Qxf7 Qc2+ 48. Ka1 Qc1+ 49. Ka2 1-0

[Event "AUTO-ADV-2673"]
[Site "http://www.queenalice.com/game.php?id=1145165"]
[Date "2013.1.25"]
[Round "2"]
[White "Lapluma"]
[Black "pgierech"]
[Result "1-0"]
[WhiteElo "2092"]
[BlackElo "1946"]

1. c4 Nf6 2. Nc3 e6 3. e4 d5 4. e5 Nfd7 5. d4 c6 6. Nf3 Be7 7. b3 Qa5 8. Bd2 Qc7
9. Bd3 dxc4 10. bxc4 b6 11. O-O h6 12. Qe2 Bb7 13. Rab1 Na6 14. d5 cxd5 15. cxd5
O-O 16. d6 Bxf3 17. gxf3 Bxd6 18. exd6 1-0

[Event "AUTO-ADV-2673"]
[Site "http://www.queenalice.com/game.php?id=1145166"]
[Date "2013.1.25"]
[Round "2"]
[White "pgierech"]
[Black "Lapluma"]
[Result "0-1"]
[WhiteElo "1992"]
[BlackElo "2152"]

1. e4 e6 2. d4 d5 3. Nc3 dxe4 4. Nxe4 Qd5 5. Nc3 Bb4 6. Nf3 Nf6 7. Be2 Ne4 8.
Bd2 Bxc3 9. bxc3 c5 10. O-O O-O 11. Bd3 Nxd2 12. Qxd2 c4 13. Be2 Nc6 14. Qf4 Rd8
15. Rad1 f6 16. Nd2 Qa5 17. Qg3 Qxa2 18. Ne4 Kf8 19. Rc1 e5 20. Qh4 h6 21. Nxf6
exd4 22. Ne4 d3 23. Qf4+ Kg8 24. Bh5 Rf8 25. Qc7 dxc2 26. Nd6 Qa5 27. Qxa5 Nxa5
28. Rxc2 Bf5 29. Ra2 b6 30. Nxf5 Rxf5 31. Bg4 Re5 32. g3 Rd8 33. Kg2 g6 34. h4
Kg7 35. Rd1 Rxd1 36. Bxd1 Rd5 37. Bf3 Rd3 38. Re2 Kf6 39. Rc2 Nb3 40. Be2 Rd2
41. Rxd2 Nxd2 42. f4 a5 43. Kf2 a4 0-1

[Event "AUTO-ADV-2673"]
[Site "http://www.queenalice.com/game.php?id=1145167"]
[Date "2013.1.25"]
[Round "2"]
[White "Lapluma"]
[Black "Artking"]
[Result "1-0"]
[WhiteElo "2014"]
[BlackElo "1981"]

1. c4 Nf6 2. Nc3 g6 3. g3 Bg7 4. Bg2 d6 5. d4 c6 6. Nf3 Nbd7 7. O-O O-O 8. e4 e5
9. h3 a6 10. Bg5 Qe8 11. d5 c5 12. a4 Nh5 13. Qd2 f5 14. exf5 gxf5 15. Nh4 Ndf6
16. Rfe1 Qf7 17. a5 Bd7 18. Rab1 Rab8 19. b4 cxb4 20. Rxb4 e4 21. Reb1 Be8 22.
Nxf5 Nxd5 23. Nxd5 Kh8 24. Nxd6 Qe6 25. Nc7 e3 26. Bxe3 Qd7 27. Ncxe8 Be5 28.
Rxb7 Rxb7 29. Rxb7 Qa4 30. Bd4 Bxd4 31. Qxd4+ 1-0

[Event "AUTO-ADV-2673"]
[Site "http://www.queenalice.com/game.php?id=1145168"]
[Date "2013.1.25"]
[Round "2"]
[White "Artking"]
[Black "Lapluma"]
[Result "0-1"]
[WhiteElo "1997"]
[BlackElo "1998"]

1. e4 e6 2. d4 d5 3. Nc3 c5 4. e5 cxd4 5. Bb5+ Bd7 6. Bxd7+ Qxd7 7. Nce2 Nc6 8.
f4 Bc5 9. Nf3 Rc8 10. a3 a5 11. c3 dxc3 12. Nxc3 Nge7 13. Bd2 Nf5 14. Qe2 Nfd4
15. Qd3 Nxf3+ 16. Qxf3 Nd4 17. Qd1 a4 18. Rb1 Nb3 19. g4 d4 20. Ne4 Qc6 21. Qe2
Nxd2 22. Kxd2 Bb4+ 23. Kd1 d3 24. Qxd3 Rd8 25. Nd6+ Bxd6 26. Ke2 Qg2+ 0-1

[Event "AUTO-ADV-2673"]
[Site "http://www.queenalice.com/game.php?id=1145170"]
[Date "2013.1.25"]
[Round "2"]
[White "Paulsains"]
[Black "Lapluma"]
[Result "0-1"]
[WhiteElo "1774"]
[BlackElo "2102"]

1. e4 e6 2. Nf3 c5 3. Bc4 d5 4. exd5 exd5 5. Bb5+ Bd7 6. Bxd7+ Nxd7 7. O-O Be7
8. d3 Ngf6 9. Nc3 d4 10. Ne2 O-O 11. h3 Re8 12. Re1 Bd6 13. Bf4 Rxe2 14. Bxd6
Rxe1+ 15. Qxe1 Qb6 16. Bg3 Qxb2 17. Qd1 b6 18. Nd2 Nd5 19. Nc4 Qc3 20. a4 Re8
21. Nd2 Re2 22. Qxe2 Qxa1+ 23. Nf1 N7f6 24. Qe5 Qxa4 25. Qb8+ Ne8 26. Be5 Nb4
27. c3 dxc3 28. Bxc3 Nxd3 29. h4 Nc1 30. Ng3 f6 31. h5 Ne2+ 32. Nxe2 Qd1+ 33.
Kh2 Qxe2 34. Qxa7 Qxh5+ 35. Kg1 Qd1+ 36. Kh2 Qd3 37. Qa4 Kf8 38. Qb3 b5 39. Qb2
Nd6 40. Bxf6 gxf6 41. Qxf6+ Nf7 42. Qb2 b4 43. f3 Qc3 44. Qa2 b3 45. Qa8+ Kg7
46. Qc8 Qb4 47. Qh3 Qf4+ 48. Kg1 b2 0-1

[Event "Inviting fast players"]
[Site "http://www.queenalice.com/game.php?id=1148714"]
[Date "2013.2.4"]
[Round "-"]
[White "Lapluma"]
[Black "hba111"]
[Result "1/2-1/2"]
[WhiteElo "2114"]
[BlackElo "2580"]

1. c4 e5 2. Nc3 f5 3. g3 Nf6 4. Bg2 Nc6 5. e3 Be7 6. d4 O-O 7. d5 Na5 8. b3 a6
9. Nf3 d6 10. Bb2 Rb8 11. O-O b5 12. cxb5 axb5 13. a3 Bd7 14. Nd2 c5 15. dxc6
Bxc6 16. Bxc6 Nxc6 17. Qe2 b4 18. Qc4+ Kh8 19. Nd5 Na5 20. Qd3 e4 21. Qd4 bxa3
22. Rxa3 Nc6 1/2-1/2

[Event "Let's Play Chess!"]
[Site "http://www.queenalice.com/game.php?id=1151014"]
[Date "2013.2.11"]
[Round "-"]
[White "PhiVer"]
[Black "Lapluma"]
[Result "1/2-1/2"]
[WhiteElo "2311"]
[BlackElo "2125"]

1. e4 c5 2. d4 e6 3. Nf3 cxd4 4. c3 dxc3 5. Nxc3 Bc5 6. Bc4 Ne7 7. O-O O-O 8.
Bf4 b6 9. a3 Ng6 10. Bg3 Nc6 11. b4 Be7 12. Nb5 Ba6 13. Qe2 Nh4 14. Nxh4 Bxh4
15. Bd6 Be7 16. Rad1 Bxd6 17. Nxd6 Bxc4 18. Qxc4 a6 19. Rd2 b5 20. Qc5 Qf6 21.
f4 Qd8 22. Rfd1 Qc7 23. Kh1 f6 24. Rd3 Qa7 25. Qh5 Qf2 26. Rh3 h6 27. Qg4 Ne7
28. Rg3 g6 29. f5 h5 30. Qh3 Qe2 31. Rg1 exf5 32. exf5 g5 33. Re3 Qd2 34. Rd3
Qe2 35. Rdd1 Nc8 36. Rge1 Qa2 37. Qxh5 Nxd6 38. Qg6+ Kh8 39. Rd3 Nxf5 40. Qxf5
Qf7 41. Rh3+ Kg8 42. Rh6 Rae8 43. Rxe8 Rxe8 44. Kg1 Re1+ 45. Kf2 Re5 46. Qc2 Re6
47. Qc8+ Re8 48. Qc2 1/2-1/2

[Event "Let's Play Chess!"]
[Site "http://www.queenalice.com/game.php?id=1151730"]
[Date "2013.2.14"]
[Round "-"]
[White "JailtonMaster"]
[Black "Lapluma"]
[Result "0-1"]
[WhiteElo "2023"]
[BlackElo "2131"]

1. e4 e6 2. e5 Nc6 3. d4 d5 4. Nf3 Nge7 5. Bb5 a6 6. Ba4 b5 7. Bb3 Nf5 8. c3 h6
9. O-O Na7 10. a4 c6 11. Re1 Qa5 12. Nbd2 b4 13. Nf1 bxc3 14. bxc3 Nb5 15. Bd2
Na7 16. Ne3 Nxe3 17. fxe3 Rb8 18. e4 Be7 19. exd5 exd5 20. Bc2 Bg4 21. e6 Bxe6
22. Rxe6 fxe6 23. Bg6+ Kd8 24. Ne5 Rf8 25. Bf7 Bd6 26. Qh5 Qc7 27. Bxe6 Bxe5 28.
dxe5 Qb6+ 29. Kh1 Qf2 30. Bg5+ hxg5 31. Qxg5+ Ke8 0-1

[Event "Challenge"]
[Site "http://www.queenalice.com/game.php?id=1166034"]
[Date "2013.3.29"]
[Round "-"]
[White "Lapluma"]
[Black "PhiVer"]
[Result "0-1"]
[WhiteElo "2178"]
[BlackElo "2400"]

1. c4 Nf6 2. d4 c5 3. Nf3 cxd4 4. Nxd4 e5 5. Nb5 d5 6. cxd5 Bc5 7. N5c3 O-O 8.
a3 Bf5 9. e3 Nbd7 10. b4 Bd6 11. Nd2 Rc8 12. Bb2 a5 13. bxa5 Qxa5 14. Nc4 Rxc4
15. Bxc4 Rc8 16. Qb3 Nc5 17. Qb5 Qc7 18. Be2 Bd7 19. Qc4 Qa5 20. O-O Na4 21. Qb3
Nxc3 22. Bxc3 Rxc3 23. Qxb7 g6 24. e4 Qa4 25. f3 Nh5 26. Rfb1 Nf4 27. Bf1 Bc5+
28. Kh1 Qd4 29. Ba6 Qd2 30. Qb8+ Kg7 31. Rg1 Bxg1 32. Rxg1 Rc1 0-1

[Event "AUTO-MASTER-1788"]
[Site "http://www.queenalice.com/game.php?id=1168761"]
[Date "2013.4.6"]
[Round "2"]
[White "Try_Me"]
[Black "Lapluma"]
[Result "0-1"]
[WhiteElo "2064"]
[BlackElo "2169"]

1. d4 c6 2. c4 g6 3. Nf3 d5 4. Nc3 Nf6 5. Bf4 Bg7 6. e3 Ne4 7. cxd5 Nxc3 8. bxc3
Qxd5 9. Bd3 Bg4 10. e4 Qa5 11. Qc2 Bxf3 12. gxf3 Bxd4 13. Bd2 Bg7 14. Rb1 Qc7
15. h4 Nd7 16. f4 O-O-O 17. Be3 Qa5 18. e5 f6 19. Qb3 Nb6 20. Bd4 Rxd4 21. Be2
Rxf4 22. Kf1 Qxe5 23. Rh3 Qf5 24. Rh2 Rd8 25. a4 Rxa4 26. c4 Ra3 27. Bg4 Qxg4
28. Qxa3 Nxc4 29. Qb4 Nd2+ 30. Ke1 Qg1+ 0-1

[Event "AUTO-MASTER-1788"]
[Site "http://www.queenalice.com/game.php?id=1168762"]
[Date "2013.4.6"]
[Round "2"]
[White "Lapluma"]
[Black "Try_Me"]
[Result "1-0"]
[WhiteElo "2159"]
[BlackElo "2077"]

1. c4 c5 2. b3 Nf6 3. Bb2 e6 4. Nf3 Nc6 5. e3 d5 6. d4 Bd6 7. cxd5 exd5 8. dxc5
Bxc5 9. Bd3 Bg4 10. O-O h6 11. Nc3 O-O 12. Rc1 Bd6 13. Nb5 Bb8 14. Be2 a6 15.
Nbd4 Qd6 16. Nxc6 bxc6 17. Be5 Qd7 18. Bxf6 gxf6 19. Qd4 Qe6 20. Rxc6 Qxc6 21.
Qxg4+ Kh8 22. Nd4 f5 23. Qh3 f4 24. Nxc6 1-0

[Event "AUTO-MASTER-1788"]
[Site "http://www.queenalice.com/game.php?id=1168763"]
[Date "2013.4.6"]
[Round "2"]
[White "fontaine"]
[Black "Lapluma"]
[Result "1-0"]
[WhiteElo "2334"]
[BlackElo "2193"]

1. e4 c5 2. Nf3 Nc6 3. c3 d5 4. exd5 Qxd5 5. d4 Bg4 6. Be2 e6 7. h3 Bh5 8. c4
Qd6 9. d5 exd5 10. g4 Bg6 11. cxd5 Nb4 12. Qa4+ Kd8 13. O-O Nf6 14. Nc3 Be7 15.
Nb5 Qb8 16. a3 Nbxd5 17. Rd1 Kc8 18. g5 Nb6 19. Qh4 Nfd5 20. Bc4 h5 21. Bxd5
Nxd5 22. Rxd5 b6 23. Ne5 a6 24. Nxg6 fxg6 25. Qe4 axb5 26. Bf4 1-0

[Event "AUTO-MASTER-1788"]
[Site "http://www.queenalice.com/game.php?id=1168764"]
[Date "2013.4.6"]
[Round "2"]
[White "Lapluma"]
[Black "fontaine"]
[Result "1/2-1/2"]
[WhiteElo "2189"]
[BlackElo "2338"]

1. c4 c5 2. b3 Nc6 3. Nc3 g6 4. Nf3 Bg7 5. Bb2 d6 6. d3 e5 7. e4 Nge7 8. Be2 O-O
9. O-O Nd4 10. Nxd4 exd4 11. Nd5 Nxd5 12. cxd5 f5 13. f3 Bd7 14. a4 fxe4 15.
fxe4 Rxf1+ 16. Bxf1 Bh6 17. Bc1 Bxc1 18. Qxc1 Qf6 19. Qd2 Rf8 20. g3 a5 21. Bg2
b6 22. Rf1 Qe7 23. Rxf8+ Qxf8 24. h3 Kg7 25. Qe1 1/2-1/2

[Event "Challenge"]
[Site "http://www.queenalice.com/game.php?id=1172473"]
[Date "2013.4.17"]
[Round "-"]
[White "tallos"]
[Black "Lapluma"]
[Result "0-1"]
[WhiteElo "2198"]
[BlackElo "2176"]

1. e4 c6 2. c4 d5 3. cxd5 cxd5 4. exd5 Qxd5 5. Nc3 Qd6 6. d4 Nf6 7. Nf3 e6 8.
Bc4 Be7 9. O-O O-O 10. Qe2 Nc6 11. Rd1 Nd5 12. Bb3 Ncb4 13. Bd2 b6 14. Ne4 Qd8
15. Ne5 Bb7 16. Rac1 f6 17. Nd3 Nxd3 18. Qxd3 Qd7 19. Qg3 Rf7 20. h4 a5 21. h5
a4 22. Bc4 a3 23. b3 f5 24. Ng5 f4 25. Qg4 Bxg5 26. Qxg5 f3 27. g3 Rf5 28. Qh4
Rf7 29. Re1 Re8 30. Re5 h6 31. g4 Nf4 32. Bxf4 Rxf4 33. Qg3 Qxd4 34. Rxe6 Rxe6
35. Bxe6+ Kh7 36. Bf5+ Kg8 37. Rc7 Ba6 38. Rd7 Qb4 39. Ra7 Be2 40. Ra8+ Kf7 41.
Kh2 b5 42. Ra7+ Kg8 43. Rd7 Qc5 44. Rb7 Qd6 45. Be6+ Kh7 46. Rxb5 Bxb5 0-1

[Event "Challenge"]
[Site "http://www.queenalice.com/game.php?id=1173733"]
[Date "2013.4.21"]
[Round "-"]
[White "charles31"]
[Black "Lapluma"]
[Result "0-1"]
[WhiteElo "1706"]
[BlackElo "2175"]

1. e4 e6 2. d4 d5 3. e5 c5 4. dxc5 Nc6 5. Bb5 Bxc5 6. Bd2 Bxf2+ 7. Kf1 Bxg1 8.
Bxc6+ bxc6 9. Rxg1 Qh4 10. h3 Ba6+ 0-1

[Event "AUTO-OPEN-2852"]
[Site "http://www.queenalice.com/game.php?id=1198298"]
[Date "2013.7.9"]
[Round "2"]
[White "Lapluma"]
[Black "sovay"]
[Result "0-1"]
[WhiteElo "2140"]
[BlackElo "2563"]

1. c4 Nc6 2. Nc3 e5 3. g3 Nf6 4. Bg2 Bc5 5. e3 d5 6. Nxd5 Nxd5 7. cxd5 Nb4 8.
Qb3 c6 9. dxc6 bxc6 10. Be4 Ba6 11. Nf3 Rb8 12. Qc3 f6 0-1

[Event "AUTO-OPEN-2852"]
[Site "http://www.queenalice.com/game.php?id=1198299"]
[Date "2013.7.9"]
[Round "2"]
[White "sovay"]
[Black "Lapluma"]
[Result "1-0"]
[WhiteElo "2562"]
[BlackElo "2141"]

1. e4 Nc6 2. Nf3 e5 3. d4 exd4 4. Nxd4 Bc5 5. Nxc6 Qf6 6. Qd2 dxc6 7. Nc3 Be6 8.
Na4 Rd8 9. Bd3 Bd6 10. Qe3 Bb4+ 11. Bd2 1-0